000 00297nam a2200097Ia 4500
082 _a523.8 JANS
245 0 _aStar maps for Southern Africa : an easy guide to the night skies
100 _a JANSEN, Albert Cape Town, 2004
_976331
942 _cBK
008 210817s9999 xx 000 0 und d
999 _c253641
_d253640